Litwa, Łotwa czy Estonia? - Statystyki

Ogólne statystyki
  • Ten quiz został rozwiązany 97 razy
  • Średni wynik to 9 z 14
Statystyki odpowiedzi
Zagadnienie Odpowiedź % Poprawnych
Nie graniczy z Białorusią Estonia
95%
Graniczy z Polską Litwa
95%
Jego flaga składa się z 2 kolorów Łotwa
95%
Graniczy z Zatoką Fińską Estonia
93%
Jest drugim – zaraz po Słowenii – państwem Europy Środkowo-Wschodniej, w którym konstytucja nie zabrania małżeństw jednopłciowych, a także adopcji dzieci przez pary homoseksualne Estonia
75%
Ma największą liczbę niebieskookich obywateli na świecie Estonia
70%
Jest najmniejszym państwem bałtyckim Estonia
68%
Jego stolica słynie z organizowanego tu ogromnego festiwalu Kaziuki Litwa
68%
Jego stolica jest nazywana Paryżem Północy Łotwa
58%
Posiadało kolonie Łotwa
50%
Jako ostatnie przyjęło chrześcijaństwo Litwa
43%
Jako ostatnie z nich dołączyło do strefy Euro Litwa
38%
Centralny rynek w jego stolicy jest jednym z największych rynków w Europie Łotwa
33%
Jako ostatnie z nich opuściło ZSRR Łotwa
28%
Nie znaleziono quizów pasujących do podanych kryteriów
Rozkład punktacji
Procent ludzi z każdym wynikiem
Percentyl według liczby udzielonych odpowiedzi
Twoja historia wyników
Nie rozwiązałeś tego quizu